banner-ar

التعلم من اجل التنمية : (Record no. 60998)

MARC details
000 -الفاتح
حقل البيانات ثابتة الطول 01159nam a22002657a 4500
005 - وقت وتاريخ اخر تعامل مع التسجيلة
رقم الضبط 20240530110438.0
008 - عناصر البيانات ثابتة الطول - معلومات عامة
حقل البيانات ثابتة الطول 150415s2011 ua g b 000 0dara d
017 ## - رقم الايداع القانونى
رقم الايداع القانونى 2011/13043
المصدر ( الهيئة المختصة) مصر . دار الكتب المصرية
020 ## - الرقم الدولى المعيارى للكتب
الرقم الدولى المعيارى للكتاب 9789774219267
040 ## - مصدر الفهرسة
وكالة الفهرسة الأصلية EG-CaGPL
082 04 - رقم تصنيف ديوى العشرى
رقم الطبعة 21
رقم التصنيف 307.14\
رقم المادة ج ت
100 1# - المدخل الرئيسى - إسم شخصى
الإسم الشخصى جونس ، هازل
الشكل الأكمل للاسم هازل جونس
245 12 - بيان العنوان
العنوان التعلم من اجل التنمية :
بقية العنوان مساءل فى التنمية /
بيان المسئوليه,etc تاليف هازل جونس ، جوردن ويلسون ؛ ترجمة عبدالحميد محمد دابوه ؛ تقديم على مكاوى
250 ## - بيان الطبعة
بيان الطبعة ط1
260 ## - PUBLICATION, DISTRIBUTION, ETC. (IMPRINT)
تاريخ النشر أو التوزيع 2011 .
300 ## - الوصف المادى
التعداد 197 ص ؛
أبعاد الوعاء 24 سم
490 0# - بيان السلسلة
عنوان السلسلة المشروع القومى للترجمة ؛
رقم المجلد/ التعيين التسلسلي 1794
650 04 - المدخل الاضافى بالموضوع-مصطلح موضوعى
مصطلح موضوعي التعليم
التقسيم الفرعي العام اغراضه واهدافه
650 04 - المدخل الاضافى بالموضوع-مصطلح موضوعى
مصطلح موضوعي التخطيط التربوى
700 1# - المدخل الاضافى - اسم شخصى
الإسم الشخصى ويلسون ، جوردن
الشكل الأكمل للاسم جوردن ويلسون
700 1# - المدخل الاضافى - اسم شخصى
الإسم الشخصى عبدالحميد محمد دابوه
الدور مترجم
700 1# - المدخل الاضافى - اسم شخصى
الإسم الشخصى على مكاوى
الدور مقدم
942 ## - عناصر المدخل الإضافي( كوها)
مصدر التصنيف او مخطط الترفيف Dewey Decimal Classification
Koha [default] item type كتاب
260 ## - PUBLICATION, DISTRIBUTION, ETC. (IMPRINT)
-- القاهرة :
-- المركز القومى للترجمة ،
Holdings
حالة التراجع حالة الفقد حالة تلف ليس للاعارة المكان المؤقت الموقع الحالى تاريخ الاكتساب اجمالي اﻻعارات رقم الطلب الباركود تاريخ اخر مشاهدة تاريخ تفعيل السعر نوع وعاء كوها
        مكتبة القاهرة الكبرى مكتبة القاهرة الكبرى 04/15/2015   307.14\ ج ت 160194 04/15/2015 04/15/2015 كتاب

Powered By

EGPV